| 000 | 00705nam a2200205 i 4500 | ||
|---|---|---|---|
| 001 | 119541 | ||
| 003 | ES-MaACL | ||
| 005 | 20231227173105.0 | ||
| 007 | t| | ||
| 008 | 070214s1977 sp r ||||1| spa d | ||
| 100 | 1 |
_aPérez Mateos, Juan Antonio. _991016 |
|
| 245 | 1 | 4 |
_aLos confinados _b: desde la Dictadura de Primo de Rivera hasta Franco / _cpor Juan Antonio Pérez Mateos ; prólogo de Ricardo de la Cierva. |
| 250 | _a2ª ed. | ||
| 260 |
_aBarcelona : _bPlaza Janés, _c1977. |
||
| 300 |
_a349 p. 6 lám. ; _c22 cm. |
||
| 650 | 4 |
_aExiliados españoles- _yS.XX. _9154411 |
|
| 700 | 1 |
_aCierva, Ricardo de la, _d1926-2015 _938790 |
|
| 852 |
_aES-MaACL _jA-6691 _bR.95534 |
||
| 999 |
_c119541 _d119541 |
||